书目信息 |
| 题名: |
企业财务管理创新实践
|
|
| 作者: | 叶怡雄 著 | |
| 分册: | ||
| 出版信息: | 北京 九州出版社 2020.12 |
|
| 页数: | 196页 | |
| 开本: | 24cm | |
| 丛书名: | ||
| 单 册: | ||
| 中图分类: | F276.4 | |
| 科图分类: | ||
| 主题词: | 企业集团--qi ye ji tuan | |
| 电子资源: | ||
| ISBN: | 978-7-5108-9860-0 | |
| 000 | 01113nam0 2200229 450 | |
| 001 | 2159551287 | |
| 005 | 20211011172912.0 | |
| 010 | @a978-7-5108-9860-0@dCNY60.00 | |
| 100 | @a20210105d2020 em y0chiy0110 ea | |
| 101 | 0 | @achi |
| 102 | @aCN@b110000 | |
| 105 | @ay z 000yy | |
| 106 | @ar | |
| 200 | 1 | @a企业财务管理创新实践@Aqi ye cai wu guan li chuang xin shi jian@f叶怡雄著 |
| 210 | @a北京@c九州出版社@d2020.12 | |
| 215 | @a196页@d24cm | |
| 330 | @a财务管理是指基于企业再生产过程中客观存在的财务活动和财务关系而产生的,企业组织财务活动、处理财务关系的一项综合性管理工作。此书以财务活动为主线,主要介绍了企业筹资活动、投资活动、资金营运活动和资金分配活动四个财务活动的内容简介。全书共分为七章:第一章财务管理概述;第二章财务管理基础知识;第三章企业筹资管理;第四章企业投资管理;第五章营运资金管理;第六章企业利润分配;第七章企业财务分析。在阐述了财务管理内容、财务报表分析的基础上,系统介绍了货币时间价值、证券价值评估的基本理论。 | |
| 606 | 0 | @a企业集团@Aqi ye ji tuan |
| 690 | @aF276.4@v5 | |
| 701 | 0 | @a叶怡雄@Aye yi xiong@4著 |
| 801 | 0 | @aCN@b百万庄@c20211009 |
| 905 | @b1308684-87@dF276.4@e1827@f4 | |
| 企业财务管理创新实践/叶怡雄著.-北京:九州出版社,2020.12 |
| 196页;24cm |
| ISBN 978-7-5108-9860-0:CNY60.00 |
| 财务管理是指基于企业再生产过程中客观存在的财务活动和财务关系而产生的,企业组织财务活动、处理财务关系的一项综合性管理工作。此书以财务活动为主线,主要介绍了企业筹资活动、投资活动、资金营运活动和资金分配活动四个财务活动的内容简介。全书共分为七章:第一章财务管理概述;第二章财务管理基础知识;第三章企业筹资管理;第四章企业投资管理;第五章营运资金管理;第六章企业利润分配;第七章企业财务分析。在阐述了财务管理内容、财务报表分析的基础上,系统介绍了货币时间价值、证券价值评估的基本理论。 |
| ● |
| 相关链接 |
|
|
|
|
正题名:企业财务管理创新实践
索取号:F276.4/1827
 
预约/预借
| 序号 | 登录号 | 条形码 | 馆藏地/架位号 | 状态 | 备注 |
| 1 | 1308684 | 213086845 | 第一样本阅览室/ [索取号:F276.4/1827] | 在馆 | |
| 2 | 1308685 | 213086854 | 第一借阅区/ [索取号:F276.4/1827] | 在馆 | |
| 3 | 1308686 | 213086863 | 第一借阅区/ [索取号:F276.4/1827] | 在馆 | |
| 4 | 1308687 | 213086872 | 第一借阅区/ [索取号:F276.4/1827] | 在馆 |